Southville International School and Colleges
Your cart is empty.
  • Cart
  • Lists
    Public lists list_1 View all
    Your lists Log in to create your own lists
  • Log in to your account
  • Your cookies
  • Search history
Southville International School and Colleges
  • Advanced search
  • Recent comments
  • Most popular
  • Libraries

Log in to your account

Log in with GOOGLE


If you do not have an external account, but do have a local account, you can still log in:

  1. Home
  2. MARC view: Anytime, anywhere :
Normal view MARC view ISBD view

Anytime, anywhere : (Record no. 357089)

[ view plain ]
MARC details
000 -LEADER
fixed length control field 00637nam a2200217Ia 4500
008 - FIXED-LENGTH DATA ELEMENTS--GENERAL INFORMATION
fixed length control field 180523s9999 xx 000 0 und d
020 ## - INTERNATIONAL STANDARD BOOK NUMBER
International Standard Book Number 0-7382-0803-5
050 ## - LIBRARY OF CONGRESS CALL NUMBER
Classification number MAIN HF 5415.5
050 ## - LIBRARY OF CONGRESS CALL NUMBER
Item number .S64 2002
100 ## - MAIN ENTRY--PERSONAL NAME
Personal name Spector, Robert.
245 #0 - TITLE STATEMENT
Title Anytime, anywhere :
245 #0 - TITLE STATEMENT
Remainder of title how the best bricks-and-clicks businesses deliver seamless service to their customers /
245 #0 - TITLE STATEMENT
Statement of responsibility, etc Robert Spector.
260 ## - PUBLICATION, DISTRIBUTION, ETC. (IMPRINT)
Place of publication, distribution, etc Cambridge :
260 ## - PUBLICATION, DISTRIBUTION, ETC. (IMPRINT)
Name of publisher, distributor, etc Perseus Publishing,
260 ## - PUBLICATION, DISTRIBUTION, ETC. (IMPRINT)
Date of publication, distribution, etc 2002
300 ## - PHYSICAL DESCRIPTION
Extent 293 pages ;
300 ## - PHYSICAL DESCRIPTION
Dimensions 21 cm.
500 ## - GENERAL NOTE
General note Includes bibliographical references and index.
650 ## - SUBJECT ADDED ENTRY--TOPICAL TERM
Topical term or geographic name as entry element Customer services.
Holdings
Withdrawn status Lost status Damaged status Home library Current library Shelving location Date acquired Total Checkouts Full call number Barcode Date last seen Price effective from Koha item type
      South Mansfield College South Mansfield College   03/07/2005   MAIN HF 5415.5 .S64 2002 SMC00700 05/23/2018 05/23/2018  

Anytime, anywhere :

APA

Spector R., .Anytime, anywhere. Cambridge: .

Chicago

Spector Robert, .Anytime, anywhere. Cambridge: .

Harvard

Spector R., .Anytime, anywhere. Cambridge: .

MLA

Spector Robert, .Cambridge: . .

  • Place hold
  • Print
  • Cite
  • Add to your cart (remove)
  • Save record
    BIBTEX Dublin Core MARCXML MARC (non-Unicode/MARC-8) MARC (Unicode/UTF-8) MARC (Unicode/UTF-8, Standard) MODS (XML) RIS
  • More searches
    Search for this title in:
    Other Libraries (WorldCat) Other Databases (Google Scholar) Online Stores (Bookfinder.com) Open Library (openlibrary.org)

Exporting to Dublin Core...

SOUTHVILLE LIBRARY

Southville International School and Colleges Library

1281 Tropical Ave. Cor. Luxembourg St., BF Homes International, Las Pinas City

Tel. No. 8256374 / 252358 Loc. 117/146

Powered by Koha